000 01028nam a2200265 a 4500
001 000021932
005 20241031120757.0
008 100914s1970 mx 001 0 spa d
040 _aDO-SdBNP
_bspa
_cBNPHU
082 _a332.153
_bD247f
100 1 _aDavenport, Robert W.
_945514
245 1 0 _aFinanciamiento del pequeño industrial en los países en desarrollo /
_cRobert W. Davenport ; traducción de Francisco Gómez Palacio.
260 _aMéxico, D. F. :
_bLetras,
_c1970.
300 _axvi, 507 p. ;
_c21 cm.
500 _aIncluye índice alfabético.
504 _aIncluye referencias bibliográficas y notas al pie de las páginas.
534 _aTítulo de la obra en inglés:
_tFinancing the small manufacturer in developing countries
650 4 _aFinanciamiento industrial
_937146
650 4 _aPequeña y mediana empresa
_99517
650 0 _aPaíses en desarrollo
_931487
650 0 _aOrganización industrial
_91580
700 1 _aGómez Palacio, Francisco,
_etr.
_941542
910 _aWM
049 _aBNGR
999 _c21430
_d21430